[Event "IRI-ch Online"]
[Site "Chess.com INT"]
[Date "2021.03.17"]
[Round "5"]
[White "Salar, Milad"]
[Black "Safiri, Ali"]
[Result "1-0"]
[WhiteElo "2252"]
[BlackElo "2104"]
[PlyCount "125"]
[EventDate "2021.03.15"]
[EventType "swiss (rapid)"]
[EventRounds "11"]
[EventCountry "IRI"]
[SourceTitle "CBM 201 Extra"]
[Source "ChessBase"]
[SourceDate "2021.05.31"]
[SourceVersion "1"]
[SourceVersionDate "2021.05.31"]
[SourceQuality "1"]

1. e4 c5 2. Nf3 d6 3. d4 cxd4 4. Nxd4 Nf6 5. Nc3 g6 6. Be3 Bg7 7. f3 0-0 8. Qd2 Nc6 9. 0-0-0 d5 10. exd5 Nxd5 11. Nxc6 bxc6 12. Bd4 Bxd4 13. Qxd4 Qb6 14. Na4 Qc7 15. Bc4 Rd8 16. Kb1 Bf5 17. Qc5 Nb6 18. Bb3 Nxa4 19. Bxa4 Qxh2 20. Rdg1 Qf4 21. Bb3 Rd6 22. Re1 Qg5 23. g4 Bxc2+ 24. Qxc2 Rad8 25. Rd1 Qe3 26. Rxd6 Rxd6 27. Qh2 h6 28. Qxh6 Qxh6 29. Rxh6 Kg7 30. Rh1 Rd4 31. Rc1 Rf4 32. Rc3 f5 33. gxf5 gxf5 34. Bd1 Rd4 35. Kc1 Rd6 36. Ra3 Rd7 37. Ra6 Rc7 38. Ba4 c5 39. f4 Rb7 40. Kc2 Rb4 41. Rxa7 Kf6 42. Bb3 Rxf4 43. Rc7 e5 44. a4 Rf2+ 45. Kc3 e4 46. Rc6+ Ke5 47. Re6+ Kf4 48. a5 Rf3+ 49. Kc4 Rf1 50. Ba4 Rc1+ 51. Kb5 Rb1 52. b3 c4 53. Kxc4 Rc1+ 54. Kd4 Rd1+ 55. Kc3 e3 56. a6 Rc1+ 57. Kb2 Rc7 58. Bb5 Kf3 59. Bc6+ Kf2 60. Bb7 e2 61. a7 Rxb7 62. a8Q Rb6 63. Qa7 1-0

[Event "Arak op 15th"]
[Site "Arak"]
[Date "2016.08.17"]
[Round "10"]
[White "Pilvaieh, Ali"]
[Black "Safiri, Ali"]
[Result "1/2-1/2"]
[WhiteElo "2192"]
[BlackElo "1963"]
[PlyCount "96"]
[EventDate "2016.08.11"]
[EventType "swiss"]
[EventRounds "11"]
[EventCountry "IRI"]
[SourceTitle "CBM 173 Extra"]
[Source "ChessBase"]
[SourceDate "2016.08.29"]
[SourceVersion "1"]
[SourceVersionDate "2016.08.29"]
[SourceQuality "1"]

1. e4 e6 2. d3 c5 3. Nf3 Nc6 4. g3 d5 5. Qe2 Nf6 6. Bg2 Be7 7. 0-0 0-0 8. e5 Nd7 9. c4 a6 10. h4 b5 11. Bf4 Nb6 12. Nbd2 Bd7 13. b3 bxc4 14. dxc4 a5 15. Rfd1 a4 16. Nf1 Na5 17. Ne3 axb3 18. axb3 Nxb3 19. Rxa8 Qxa8 20. Ng5 Nd4 21. Qh5 h6 22. Nh3 Be8 23. Ng4 f5 24. Nxh6+ gxh6 25. Qxh6 Rf7 26. Rxd4 cxd4 27. cxd5 Nxd5 28. Qxe6 Nxf4 29. Nxf4 Qd8 30. Bd5 Kh8 31. Ng6+ Kh7 32. Nf4 Kh8 33. h5 Bg5 34. Ng6+ Kg7 35. f4 Qd7 36. fxg5 Qxe6 37. Bxe6 Ra7 38. Nf4 Bd7 39. Bd5 Ra3 40. Kf2 d3 41. h6+ Kh7 42. e6 Bb5 43. Ke3 d2+ 44. Kxd2 Rxg3 45. g6+ Kxh6 46. e7 Rg4 47. Ke3 Rxg6 48. Nxg6 Kxg6 1/2-1/2

[Event "Asian Schools U17 12th"]
[Site "Tehran"]
[Date "2016.07.14"]
[Round "6"]
[White "Olimjonov, Sarvarbek"]
[Black "Safiri, Ali"]
[Result "0-1"]
[WhiteElo "1831"]
[BlackElo "1974"]
[PlyCount "120"]
[EventDate "2016.07.11"]
[EventType "swiss"]
[EventRounds "9"]
[EventCountry "IRI"]
[SourceTitle "EXT 2017"]
[Source "ChessBase"]
[SourceDate "2016.10.25"]
[SourceVersion "1"]
[SourceVersionDate "2016.10.25"]
[SourceQuality "1"]

1. d4 Nf6 2. Nf3 g6 3. b3 Bg7 4. Bb2 0-0 5. e3 d6 6. Bd3 Nbd7 7. 0-0 e5 8. Nbd2 Re8 9. e4 exd4 10. Bxd4 Ne5 11. Re1 Nh5 12. Nxe5 Bxe5 13. Bxe5 dxe5 14. Nc4 Nf4 15. Bf1 Qg5 16. Qf3 Be6 17. Qg3 Qf6 18. Qc3 Bd7 19. Rad1 Rad8 20. g3 Nh3+ 21. Bxh3 Bxh3 22. Rxd8 Rxd8 23. Nxe5 g5 24. g4 Bxg4 25. Qg3 Be6 26. Nd3 Qe7 27. f4 Kh8 28. f5 Bc8 29. Qf2 Qf6 30. Qc5 Qd4+ 31. Qxd4+ Rxd4 32. Kf2 Kg7 33. Ke3 Rd8 34. Rg1 h6 35. Rf1 f6 36. e5 fxe5 37. f6+ Kf8 38. Nxe5 Be6 39. c4 Bf7 40. Rf2 Re8 41. Kd4 c5+ 42. Ke4 Bg6+ 43. Kd5 Bf7+ 44. Kd6 Re6+ 45. Kxc5 Rxe5+ 46. Kd6 Re6+ 47. Kc7 b6 48. Rd2 Rxf6 49. Rd8+ Be8 50. Kb7 Rf7+ 51. Ka6 h5 52. Rd5 Rg7 53. Re5 g4 54. b4 h4 55. a4 g3 56. hxg3 hxg3 57. Re1 g2 58. Rg1 Bxa4 59. b5 Bb3 60. c5 bxc5 0-1

[Event "Asian Schools U17 12th"]
[Site "Tehran"]
[Date "2016.07.12"]
[Round "3"]
[White "Tahbaz, Arash"]
[Black "Safiri, Ali"]
[Result "1-0"]
[WhiteElo "2406"]
[BlackElo "1974"]
[PlyCount "65"]
[EventDate "2016.07.11"]
[EventType "swiss"]
[EventRounds "9"]
[EventCountry "IRI"]
[SourceTitle "EXT 2017"]
[Source "ChessBase"]
[SourceDate "2016.10.25"]
[SourceVersion "1"]
[SourceVersionDate "2016.10.25"]
[SourceQuality "1"]

1. c4 Nf6 2. Nc3 g6 3. e4 d6 4. d4 Bg7 5. Be2 0-0 6. Be3 e5 7. d5 a5 8. g4 Na6 9. f3 Nd7 10. h4 f5 11. g5 Ndc5 12. Qd2 Bd7 13. 0-0-0 Qe7 14. Nh3 b6 15. Kb1 Na4 16. Nb5 N4c5 17. Nf2 Rac8 18. h5 f4 19. Bxc5 Nxc5 20. Rdg1 Rfd8 21. Bf1 c6 22. Nc3 b5 23. dxc6 Bxc6 24. cxb5 Bb7 25. Bc4+ Ne6 26. Nd5 Qf7 27. Nf6+ Bxf6 28. hxg6 hxg6 29. gxf6 Rxc4 30. Ng4 Qc7 31. Qh2 Ng5 32. Qh6 Kf7 33. Qxg5 1-0

[Event "Asian Schools-ch U17 12th Rapid"]
[Site "Tehran"]
[Date "2016.07.10"]
[Round "5.3"]
[White "Safiri, Ali"]
[Black "Sheykhali, Mohammadreza"]
[Result "0-1"]
[WhiteElo "1972"]
[BlackElo "2092"]
[PlyCount "80"]
[EventDate "2016.07.10"]
[EventType "swiss"]
[EventRounds "7"]
[EventCountry "IRI"]
[SourceTitle "EXT 2024"]
[Source "ChessBase"]
[SourceDate "2023.10.10"]
[SourceVersion "1"]
[SourceVersionDate "2023.10.10"]
[SourceQuality "1"]

1. e4 b6 2. d4 Bb7 3. Bd3 e6 4. Nf3 d6 5. 0-0 Nd7 6. Be3 Ngf6 7. Nbd2 Be7 8. c3 0-0 9. Qe2 c5 10. Rfe1 Re8 11. b4 cxb4 12. cxb4 d5 13. e5 Ne4 14. a3 a5 15. b5 Rc8 16. Bf4 f5 17. exf6 Ndxf6 18. Ne5 Rc3 19. a4 Qd6 20. f3 Nxd2 21. Ng6 Nxf3+ 22. Qxf3 Qb4 23. Nxe7+ Rxe7 24. Be5 Ne4 25. Rf1 Rd7 26. Qg4 Qe7 27. Bxe4 dxe4 28. d5 Rc2 29. dxe6 Rdd2 30. Rf7 Rxg2+ 31. Qxg2 Rxg2+ 32. Kxg2 Qg5+ 33. Bg3 Bd5 34. Rd1 Bxe6 35. Rb7 h5 36. h4 Qf6 37. Kh2 Bg4 38. Re1 Bf3 39. Rb8+ Kh7 40. Rc8 Qb2+ 0-1